| 000 | 01037cam a2200301Ma 4500 | ||
|---|---|---|---|
| 001 | 86891 | ||
| 005 | 20230410130731.0 | ||
| 008 | 040917s2003 fr abc eb 001 0 fre d | ||
| 035 | _a13723512 | ||
| 925 | 0 |
_aacquire _b1 shelf copy _xpolicy default |
|
| 942 |
_2lcc _cbk |
||
| 010 | _a 2004476088 | ||
| 020 | _a2852297515 | ||
| 035 | _a(FrPJT)JTL00141827 | ||
| 040 |
_aDLC _cDLC |
||
| 042 | _apcc | ||
| 050 | 1 | 4 |
_aPN 513 _bM741 2003 |
| 245 | 0 | 3 |
_aLe monde des litteratures / _c[edition a ete realisee sous la presidence de Giuseppe Annoscia par les services editoriaux et techniques d'Encyclopµdia Universalis]. |
| 260 |
_aParis : _bUniversalis, _cc2003. |
||
| 300 |
_a561 p. : _bill. (some col.), col. maps ; _c29 cm. |
||
| 504 | _aIncludes bibliographical references (p. 515-534) and index. | ||
| 650 | 0 |
_aLiterature _xHistory and criticism. |
|
| 650 | 0 | _aBooks and reading. | |
| 700 | 1 | _aAnnoscia, Giuseppe. | |
| 710 | 2 | _aEncyclopµdia Universalis (Firm) | |
| 923 |
_d20040915 _nB00059070 _sFrPJT |
||
| 985 | _eVENDOR LOAD | ||
| 999 |
_c79448 _d79448 |
||